El gay saber / (Record no. 176321)

MARC details
000 -LEADER
campo de control de longitud fija 00823nam a22002295i 4500
001 - NÚMERO DE CONTROL
campo de control 176321
003 - IDENTIFICADOR DE NÚMERO DE CONTROL
campo de control ES-MaACL
005 - FECHA Y HORA DE LA ÚLTIMA TRANSACCIÓN
campo de control 20230906220040.0
008 - DATOS DE LONGITUD FIJA--INFORMACIÓN GENERAL
campo de control de longitud fija 110110s1973 sp |||| | spa d
020 ## - NÚMERO INTERNACIONAL ESTÁNDAR DEL LIBRO
Número Internacional Estándar del Libro 84-277-0170-5
080 ## - NÚMERO DE LA CLASIFICACIÓN DECIMAL UNIVERSAL
Número de la Clasificación Decimal Universal 1 Nietzsche, Friedrich
100 1# - ENTRADA PRINCIPAL--NOMBRE DE PERSONA
Nombre de persona Nietzsche, Friedrich,
Fechas asociadas al nombre 1844-1900
9 (RLIN) 85718
245 13 - MENCIÓN DEL TÍTULO
Título El gay saber /
Mención de responsabilidad, etc. Federico Nietzsche ; traducción, estudio, notas y comentarios de texto por Luis Jiménez Moreno.
260 ## - PUBLICACIÓN, DISTRIBUCIÓN, ETC.
Lugar de publicación, distribución, etc. Madrid :
Nombre del editor, distribuidor, etc. Narcea,
Fecha de publicación, distribución, etc. D. L. 1973.
300 ## - DESCRIPCIÓN FÍSICA
Extensión 463 p. ;
Dimensiones 19 cm.
490 1# - MENCIÓN DE SERIE
Mención de serie Bitácora. Biblioteca del estudiante ;
Designación de volumen o secuencia 34
650 04 - PUNTO DE ACCESO ADICIONAL DE MATERIA--TÉRMINO DE MATERIA
Término de materia o nombre geográfico como elemento de entrada Filosofía-
Subdivisión geográfica Alemania-
Subdivisión cronológica S.XIX.
9 (RLIN) 144630
700 1# - ENTRADA AGREGADA--NOMBRE PERSONAL
Nombre de persona Jiménez Moreno, Luis.
9 (RLIN) 66573
830 0# - PUNTO DE ACCESO ADICIONAL DE SERIE-TÍTULO UNIFORME
Título uniforme Bitácora. Biblioteca del estudiante ;
Designación de volumen o secuencia 34
9 (RLIN) 181903
852 ## - LOCALIZACIÓN
Ubicación ES-MaACL
Número de control de estantería E-13966
Encuadernación Olim P-1892
Holdings
Estatus retirado Estado de pérdida Estado de daño No para préstamo Biblioteca de origen Biblioteca actual Ubicación en estantería Fecha de adquisición Fuente de adquisición Total de préstamos Signatura topográfica completa Código de barras Visto por última vez Precio de reemplazo Tipo de ítem Koha
        Biblioteca del Ateneo de Madrid Biblioteca del Ateneo de Madrid Depósito 2 10/01/2011     E-13966 1185176 23/02/2023 23/02/2023 Libro impreso